header

Make, create, innovate (Record no. 122344)

MARC details
000 -LEADER
fixed length control field 01094nam a2200277Ia 4500
082 04 - DEWEY DECIMAL CLASSIFICATION NUMBER
Classification number 658.4/06
100 1# - MAIN ENTRY--AUTHOR NAME
Personal name Kinnaird, Greg.
245 10 - TITLE STATEMENT
Title Make, create, innovate
260 ## - PUBLICATION, DISTRIBUTION, ETC. (IMPRINT)
Place of publication Singapore ;
-- Tarrytown, NY :
Name of publisher Marshall Cavendish Business,
Year of publication c2006.
300 ## - PHYSICAL DESCRIPTION
Number of Pages xx, 120 p. :
Other physical details ill.
650 #0 - SUBJECT ADDED ENTRY--TOPICAL TERM
Topical Term Organizational change.
Topical Term Creative ability in business.
856 40 - ELECTRONIC LOCATION AND ACCESS
Uniform Resource Identifier http://site.ebrary.com/lib/rucke/Doc?id=10515539

No items available.

© 2026 Rongo University
Contact us: librarian | system librarian | Rongo university